000 00400nam a2200169Ia 4500
001 24820
005 20260414151109.0
008 260414t2005||||xx |||||||||||||| ||spa||
041 _aESP
082 _a346
_bD36
100 _aDe Rávago Bustamante, Enrique
_eAUT
245 0 _a4 juristas y 1 soldado jurista
_b
260 _c2005
650 _aDER
654 _aCDE
942 _cLIB
_dJUS
_fJUS
_2ddc
_n
999 _c24820
_d24820